00715nam a2200229 a 4500001001300000003000900013005001700022008004100039020002300080082001900103100002100122245005900143260004200202300000900244500003500253505002400288700002100312902000800333942000700341952012000348999001700468nice12345678IN_TiNIC20260116014405.0050524s2002 newa grp 000 0 eng  a9780195662535c27500a323.30954bCHA aChandhoke, Neera aBeyond Secularismb The Rights of Religious Minorities aNew Delhi bOxford Univ. Press c2002 a321p aincludes index and biblioraphy2 aBibliography, Index1 aChandhoke, Neera bSRS cBK 001040708StackRoom-aHMIbHMId2012-11-06g275.00l0o323.30954 CHAp023907r2012-11-06v275.00w2005-05-24yBK c15082d15082